[Event "CAN-ch U10 Online"]
[Site "chess.com"]
[Date "2020.11.08"]
[Round "1.19"]
[White "Guillemette, Thomas"]
[Black "Gao, Justin"]
[Result "0-1"]
[WhiteElo "700"]
[BlackElo "1243"]
[PlyCount "48"]
[EventDate "2020.11.08"]
[EventType "swiss (rapid)"]
[EventRounds "6"]
[EventCountry "CAN"]

1. e4 e5 2. Nf3 Nc6 3. Bc4 Bc5 4. c3 Nf6 5. d4 exd4 6. cxd4 Bb4+ 7. Nc3 Bxc3+
8. bxc3 d5 9. exd5 Nxd5 10. Bb2 O-O 11. O-O Be6 12. Re1 Qd7 13. Qc2 Bf5 14. Qe2
Rfe8 15. Qd2 Re6 16. Qg5 Rg6 17. Qd2 Bh3 18. Ng5 Bxg2 19. Kxg2 Qg4+ 20. Kf1 Nf4
21. f3 Qxg5 22. Kf2 Qg2+ 23. Ke3 Re8+ 24. Kxf4 Qg5# 0-1

[Event "CAN-ch U10 Online"]
[Site "chess.com"]
[Date "2020.11.08"]
[Round "1.25"]
[White "Liang, Henry"]
[Black "Chen, Zhengyu"]
[Result "0-1"]
[WhiteElo "456"]
[BlackElo "1161"]
[PlyCount "122"]
[EventDate "2020.11.08"]
[EventType "swiss (rapid)"]
[EventRounds "6"]
[EventCountry "CAN"]

1. e4 d6 2. Nf3 Nf6 3. Nc3 g6 4. Bb5+ c6 5. Bc4 Bg7 6. d4 Bg4 7. O-O Nbd7 8.
Bf4 O-O 9. e5 Ne8 10. exd6 Nxd6 11. Bb3 Bxf3 12. Qxf3 e5 13. dxe5 Nxe5 14. Qe3
Nf5 15. Qc5 Nd7 16. Qc4 Nb6 17. Qd3 Qxd3 18. cxd3 Rad8 19. Rad1 Nd4 20. Na4
Ne2+ 21. Kh1 Nxf4 22. Nxb6 axb6 23. Bc2 Bxb2 24. g3 Ne2 25. Kg2 Nc3 26. Rd2 c5
27. d4 Rxd4 28. Rxd4 cxd4 29. Re1 Rd8 30. Be4 Nxe4 31. Rxe4 d3 32. Re1 d2 33.
Rd1 Bc1 34. Kf1 Re8 35. f4 f5 36. h4 Re4 37. a4 Kf7 38. Kf2 Ke6 39. g4 Kd5 40.
gxf5 Rxf4+ 41. Ke3 Rxf5 42. Ke2 Ke4 43. Rxd2 Bxd2 44. Kxd2 Rf4 45. Kc3 Rxh4 46.
Kc4 g5 47. Kb5 g4 48. Kxb6 g3 49. a5 g2 50. Kxb7 g1=Q 51. a6 Kd3 52. a7 Ra4 53.
a8=Q Rxa8 54. Kxa8 h5 55. Kb7 h4 56. Kc6 h3 57. Kd5 h2 58. Kc6 h1=Q+ 59. Kc7
Qd4 60. Kc8 Qc6+ 61. Kb8 Qdb6# 0-1

[Event "CAN-ch U10 Online"]
[Site "chess.com"]
[Date "2020.11.08"]
[Round "1.26"]
[White "Yang, Jayden"]
[Black "Hou, Nathan"]
[Result "1-0"]
[WhiteElo "1144"]
[BlackElo "248"]
[PlyCount "49"]
[EventDate "2020.11.08"]
[EventType "swiss (rapid)"]
[EventRounds "6"]
[EventCountry "CAN"]

1. e4 e5 2. Nf3 Nc6 3. Nc3 Nf6 4. d4 exd4 5. Nxd4 Bc5 6. Be3 h6 7. Nxc6 bxc6 8.
Bxc5 d6 9. Be3 Be6 10. Be2 O-O 11. Qd2 Kh7 12. h3 Re8 13. Bd3 Kg8 14. g4 Rb8
15. O-O-O Rb7 16. Rdg1 Qb8 17. b3 d5 18. e5 Nd7 19. g5 h5 20. f4 f5 21. gxf6 g6
22. Rxg6+ Kh8 23. Rh6+ Kg8 24. Qg2+ Kf8 25. Qg7# 1-0

[Event "CAN-ch U10 Online"]
[Site "chess.com"]
[Date "2020.11.08"]
[Round "2.2"]
[White "Gao, Justin"]
[Black "Yao, Henry"]
[Result "1/2-1/2"]
[WhiteElo "1243"]
[BlackElo "1705"]
[PlyCount "139"]
[EventDate "2020.11.08"]
[EventType "swiss (rapid)"]
[EventRounds "6"]
[EventCountry "CAN"]

1. e4 e6 2. d4 d5 3. exd5 exd5 4. Nc3 Nf6 5. Bf4 c6 6. Nf3 Be7 7. Bd3 O-O 8.
O-O Bg4 9. h3 Bh5 10. Re1 Nbd7 11. Be2 Re8 12. Ne5 Bxe2 13. Rxe2 Bb4 14. Qd3
Nxe5 15. Bxe5 Nd7 16. Rae1 Nxe5 17. Rxe5 Rxe5 18. Rxe5 Bd6 19. Re3 Qd7 20. Ne2
Re8 21. Rxe8+ Qxe8 22. Qe3 Qxe3 23. fxe3 Kh8 24. Kf2 Kg8 25. Kf3 f5 26. Nf4 Kf7
27. b3 b5 28. Nd3 Kf6 29. b4 g5 30. g4 fxg4+ 31. hxg4 Kg6 32. Nf2 Bxb4 33. Nd3
Bd6 34. Nf2 a5 35. Nd3 h5 36. c3 h4 37. Kg2 Kf6 38. Kh3 Ke6 39. Ne1 b4 40. cxb4
Bxb4 41. Nf3 Kf6 42. Kg2 c5 43. Kh3 c4 44. Kg2 Ba3 45. Ne1 Bc1 46. Nc2 Ke6 47.
Kh3 Kd6 48. Kg2 Kc6 49. a4 Bd2 50. Kf3 Bb4 51. Kg2 Bd6 52. Kh3 Bb8 53. Kg2 Bd6
54. Kh3 Kd7 55. Kg2 Ke6 56. Kh3 Be7 57. Kg2 Bf8 58. Kh3 Bg7 59. Kg2 Bf8 60. Kh3
Bb4 61. Kg2 Kd6 62. Kh3 Kc6 63. Kg2 Bd2 64. Kh3 Bc1 65. Kg2 Bb2 66. Kh3 c3 67.
Kg2 Bc1 68. Kh3 Bb2 69. Kg2 Kb6 70. Kh3 1/2-1/2

[Event "CAN-ch U10 Online"]
[Site "chess.com"]
[Date "2020.11.08"]
[Round "2.7"]
[White "Chen, Zhengyu"]
[Black "Dunikov, Glib"]
[Result "0-1"]
[WhiteElo "1161"]
[BlackElo "1442"]
[PlyCount "74"]
[EventDate "2020.11.08"]
[EventType "swiss (rapid)"]
[EventRounds "6"]
[EventCountry "CAN"]

1. c4 f5 2. Nc3 Nf6 3. d4 g6 4. Nf3 Bg7 5. Bg5 O-O 6. g3 d6 7. Bg2 Qe8 8. O-O
c6 9. e3 e5 10. dxe5 dxe5 11. Qc2 h6 12. Bxf6 Bxf6 13. e4 Be6 14. b3 Na6 15. a3
Rd8 16. Rfd1 Qe7 17. Rxd8 Rxd8 18. Rd1 Rxd1+ 19. Qxd1 Qxa3 20. Na4 b5 21. exf5
bxa4 22. fxe6 axb3 23. Qd7 Qf8 24. Nd2 Nc5 25. Qxc6 b2 26. Bd5 Kh8 27. Qb5 e4
28. f4 e3 29. Nb1 Bd4 30. Kf1 a6 31. Qb6 a5 32. Qxa5 Nb3 33. Qa2 Nc1 34. e7 e2+
35. Ke1 Bf2+ 36. Kxf2 e1=Q+ 37. Kf3 Qe2# 0-1

[Event "CAN-ch U10 Online"]
[Site "chess.com"]
[Date "2020.11.08"]
[Round "2.10"]
[White "Guttman, Jack"]
[Black "Jiang, William"]
[Result "0-1"]
[WhiteElo "1392"]
[BlackElo "1122"]
[PlyCount "130"]
[EventDate "2020.11.08"]
[EventType "swiss (rapid)"]
[EventRounds "6"]
[EventCountry "CAN"]

1. d4 f5 2. Qd3 e6 3. g4 fxg4 4. h3 gxh3 5. Rxh3 Nf6 6. Nf3 Be7 7. Nc3 d6 8.
Bg5 h6 9. Qg6+ Kf8 10. O-O-O Ng8 11. Bxe7+ Nxe7 12. Qg1 Qe8 13. e3 Qg6 14. Rg3
Qf6 15. Bd3 Ke8 16. Nd2 g5 17. Rf1 Nf5 18. Rf3 Nc6 19. Nb3 Qe7 20. Bxf5 exf5
21. Re1 Kd8 22. e4 Qh7 23. Rfe3 f4 24. R3e2 Re8 25. f3 Bd7 26. Nd5 Qf7 27. Nc3
Ne7 28. d5 Ng6 29. Rh2 Ne5 30. Nd2 Rh8 31. Rg2 Ke7 32. Rf1 Rag8 33. Rgf2 h5 34.
Nb3 Bh3 35. Re1 g4 36. fxg4 hxg4 37. Rd2 Nf3 38. Qf2 Nxe1 39. Qxe1 g3 40. Qg1
f3 41. Nd1 f2 42. Nxf2 gxf2 43. Qxf2 Qxf2 44. Rxf2 Rg1+ 45. Kd2 Rg2 46. Rxg2
Bxg2 47. Kd3 Rh3+ 48. Kd4 Rh4 49. Nd2 c6 50. dxc6 bxc6 51. c3 d5 52. Ke3 dxe4
53. b4 Rh3+ 54. Kf2 e3+ 55. Kxg2 exd2 56. Kxh3 d1=Q 57. b5 cxb5 58. a4 bxa4 59.
c4 a3 60. c5 a2 61. c6 a1=Q 62. c7 Qd7+ 63. Kh4 Qxc7 64. Kh5 Qg1 65. Kh4 Qch2#
0-1

[Event "CAN-ch U10 Online"]
[Site "chess.com"]
[Date "2020.11.08"]
[Round "2.11"]
[White "Mok, Erwin Jun-Han"]
[Black "Chen, Vincent"]
[Result "1/2-1/2"]
[WhiteElo "1118"]
[BlackElo "1336"]
[PlyCount "121"]
[EventDate "2020.11.08"]
[EventType "swiss (rapid)"]
[EventRounds "6"]
[EventCountry "CAN"]

1. d4 Nf6 2. c4 g6 3. Nc3 Bg7 4. e4 d6 5. Nf3 O-O 6. Be2 e5 7. dxe5 dxe5 8. O-O
Qxd1 9. Rxd1 Nc6 10. h3 Be6 11. Be3 Rfd8 12. a3 a6 13. b4 Nd4 14. Nxd4 exd4 15.
Bxd4 a5 16. b5 Rd7 17. Be5 Rad8 18. f3 Ne8 19. Bxg7 Kxg7 20. Nd5 c6 21. Nc3
Rxd1+ 22. Rxd1 Rxd1+ 23. Nxd1 Nd6 24. bxc6 bxc6 25. Ne3 f6 26. Kf2 Nb7 27. Ke1
Kf7 28. Kd2 Ke7 29. Kc3 Kd6 30. Kd4 Nc5 31. Bd1 Nd7 32. f4 c5+ 33. Kc3 h6 34.
g4 g5 35. f5 Bf7 36. Nd5 Ke5 37. Kd3 Bxd5 38. exd5 Kf4 39. Be2 Ne5+ 40. Kd2 Ke4
41. d6 Nd7 42. Bd1 Nb6 43. Be2 Ke5 44. Ke3 Kxd6 45. Kd2 Ke5 46. Ke3 Na4 47. Bd3
Nc3 48. Bc2 Na2 49. Bb3 Nc3 50. Bc2 a4 51. Kd3 Ne4 52. Ke3 Nd6 53. Bd3 Nb7 54.
Bc2 Na5 55. Bd3 Nb3 56. Bc2 Kd6 57. Bd1 Na5 58. Be2 Ke5 59. Bd3 Nc6 60. Bc2 Na5
61. Bd3 1/2-1/2

[Event "CAN-ch U10 Online"]
[Site "chess.com"]
[Date "2020.11.08"]
[Round "2.12"]
[White "Gao, Heye"]
[Black "Ye, Oliver"]
[Result "1-0"]
[WhiteElo "1466"]
[BlackElo "715"]
[PlyCount "73"]
[EventDate "2020.11.08"]
[EventType "swiss (rapid)"]
[EventRounds "6"]
[EventCountry "CAN"]

1. e4 e5 2. Nf3 Nf6 3. Nxe5 d6 4. Nf3 Nxe4 5. Nc3 Nxc3 6. dxc3 Nc6 7. Bc4 Qe7+
8. Be3 Be6 9. Bxe6 Qxe6 10. O-O O-O-O 11. Re1 Qg6 12. Bf4 f6 13. b4 Ne5 14.
Bxe5 dxe5 15. Qe2 h5 16. Qe3 b6 17. a4 Qh6 18. Qe4 Qh7 19. Qa8+ Kd7 20. Rad1+
Bd6 21. Qd5 Ke8 22. Qe6+ Be7 23. Rxd8+ Kxd8 24. Qd5+ Ke8 25. Rd1 Bd6 26. c4 Qg8
27. Qc6+ Kf7 28. c5 Be7 29. Rd7 Qe8 30. Qxc7 Ke6 31. c6 Kf7 32. Nh4 g5 33. Nf5
Kg6 34. Nxe7+ Kh6 35. Qd6 Kg7 36. Nd5+ Kg6 37. Qxf6# 1-0

[Event "CAN-ch U10 Online"]
[Site "chess.com"]
[Date "2020.11.08"]
[Round "2.13"]
[White "Low, Ethan Jun"]
[Black "Deshpande, Sarthak"]
[Result "1/2-1/2"]
[WhiteElo "932"]
[BlackElo "1265"]
[PlyCount "86"]
[EventDate "2020.11.08"]
[EventType "swiss (rapid)"]
[EventRounds "6"]
[EventCountry "CAN"]

1. b3 e5 2. Bb2 Nc6 3. e3 d5 4. Bb5 Bd6 5. f4 Qe7 6. Nf3 f6 7. Bxc6+ bxc6 8.
fxe5 fxe5 9. Nxe5 Bxe5 10. Qh5+ Kd8 11. Qxe5 Qxe5 12. Bxe5 Nf6 13. O-O Rf8 14.
d3 Be6 15. Nd2 Kd7 16. Bxf6 Rxf6 17. Rxf6 gxf6 18. Rf1 Ke7 19. Nf3 Rg8 20. Kh1
c5 21. Nh4 Rg5 22. e4 dxe4 23. dxe4 Rg4 24. Nf5+ Bxf5 25. exf5 Re4 26. h3 Re2
27. Rc1 Kd6 28. a4 Ke5 29. Kg1 Kxf5 30. Kf1 Rd2 31. c4 Rb2 32. Rc3 Ke4 33. Kg1
f5 34. Rf3 f4 35. Kh2 h5 36. h4 a5 37. Kh3 Rb1 38. Kh2 c6 39. Rc3 Kd4 40. Rh3
Ke4 41. Rf3 Rb2 42. Kg1 Rb1+ 43. Kh2 Rb2 1/2-1/2

[Event "CAN-ch U10 Online"]
[Site "chess.com"]
[Date "2020.11.08"]
[Round "2.14"]
[White "Wang, Haoze (Dennis)"]
[Black "Duval, Mathieu"]
[Result "0-1"]
[WhiteElo "746"]
[BlackElo "994"]
[PlyCount "140"]
[EventDate "2020.11.08"]
[EventType "swiss (rapid)"]
[EventRounds "6"]
[EventCountry "CAN"]

1. e4 c5 2. Nc3 Nc6 3. Nf3 d6 4. d4 cxd4 5. Nxd4 g6 6. Be2 Bg7 7. Nxc6 bxc6 8.
O-O Nf6 9. Bf4 O-O 10. e5 dxe5 11. Qxd8 Rxd8 12. Bxe5 Bf5 13. Rac1 Rd2 14. Rfd1
Rxc2 15. Rxc2 Bxc2 16. Rc1 Bf5 17. Bf3 Rc8 18. Ne2 c5 19. Ng3 Be6 20. a3 Nd5
21. Bxg7 Kxg7 22. Bxd5 Bxd5 23. b4 c4 24. Ne2 a6 25. Nc3 Be6 26. f3 Rd8 27. Rd1
Rb8 28. Rb1 Kf6 29. Kf2 Ke5 30. Ke3 f5 31. f4+ Kf6 32. g3 Rd8 33. Rd1 Rxd1 34.
Nxd1 Bd7 35. Kd4 Bb5 36. Nc3 Ke6 37. Nxb5 axb5 38. a4 bxa4 39. Kxc4 Kd6 40. b5
a3 41. Kb3 Kc5 42. b6 Kxb6 43. Kxa3 Kc5 44. Kb3 Kd4 45. Kb4 e5 46. fxe5 Kxe5
47. Kc4 Ke4 48. Kc3 Ke3 49. Kc4 Kf2 50. Kd4 Kg2 51. Ke5 Kxh2 52. Kf6 Kxg3 53.
Kg7 f4 54. Kxh7 f3 55. Kxg6 f2 56. Kf5 f1=Q+ 57. Ke5 Qf4+ 58. Kd5 Qe3 59. Kd6
Qe4 60. Kc5 Qd3 61. Kc6 Qd4 62. Kc7 Qd5 63. Kb6 Qc4 64. Kb7 Qc5 65. Ka6 Qb4 66.
Ka7 Kf4 67. Ka6 Ke5 68. Ka7 Kd6 69. Ka8 Kc7 70. Ka7 Qb7# 0-1

[Event "CAN-ch U10 Online"]
[Site "chess.com"]
[Date "2020.11.08"]
[Round "2.19"]
[White "SunYang, Maxwell"]
[Black "Yang, Nathan"]
[Result "1-0"]
[WhiteElo "675"]
[BlackElo "1090"]
[PlyCount "155"]
[EventDate "2020.11.08"]
[EventType "swiss (rapid)"]
[EventRounds "6"]
[EventCountry "CAN"]

1. e4 c5 2. Nc3 Nc6 3. g3 Nf6 4. Bg2 d6 5. f4 Bg4 6. Nf3 Nd4 7. O-O Nxf3+ 8.
Bxf3 Bh3 9. Bg2 Bxg2 10. Kxg2 e6 11. d3 h5 12. h3 Be7 13. Be3 Qd7 14. Qe2 Rd8
15. Qf2 g6 16. e5 Nd5 17. Nxd5 exd5 18. Bd2 h4 19. g4 dxe5 20. fxe5 Rh7 21. c3
d4 22. c4 a6 23. b3 b5 24. Ba5 Rc8 25. Rab1 b4 26. Ra1 Bd8 27. Bxd8 Qxd8 28.
Rae1 Qe7 29. Qf6 Qxf6 30. exf6+ Kd7 31. Re7+ Kd6 32. Rfe1 Rc7 33. Rxc7 Kxc7 34.
Re7+ Kc6 35. Kf3 g5 36. Ke4 Kd6 37. Kf5 a5 38. Kxg5 Kc6 39. Kf5 Kd6 40. g5 Kc6
41. g6 Rh5+ 42. Kf4 fxg6 43. f7 Rf5+ 44. Kg4 Kd6 45. Ra7 Ke6 46. Kxh4 Rxf7 47.
Rxf7 Kxf7 48. Kg4 Kf6 49. Kh4 g5+ 50. Kg4 Kg6 51. Kf3 Kf5 52. Kg3 Kf6 53. h4
gxh4+ 54. Kxh4 Kf5 55. Kg3 Kg5 56. Kf3 Kf5 57. Ke2 Kf4 58. Kf2 Kf5 59. Kf3 Ke5
60. Kg4 Kf6 61. Kf4 Ke6 62. Ke4 Kd6 63. Kf5 Kc6 64. Ke6 Kb6 65. Kd6 a4 66. bxa4
Ka5 67. Kxc5 Kxa4 68. Kxd4 Ka3 69. Kc5 Ka4 70. d4 Ka3 71. d5 Kxa2 72. Kxb4 Kb2
73. d6 Kc2 74. d7 Kb2 75. d8=Q Kc2 76. Ka3 Kc1 77. Kb3 Kb1 78. Qd1# 1-0

[Event "CAN-ch U10 Online"]
[Site "chess.com"]
[Date "2020.11.08"]
[Round "2.20"]
[White "Liu, Zachary"]
[Black "Guillemette, Thomas"]
[Result "0-1"]
[WhiteElo "1017"]
[BlackElo "700"]
[PlyCount "120"]
[EventDate "2020.11.08"]
[EventType "swiss (rapid)"]
[EventRounds "6"]
[EventCountry "CAN"]

1. e4 c5 2. Nf3 d6 3. d4 cxd4 4. Nxd4 Nf6 5. Nc3 g6 6. Be3 Bg7 7. f3 O-O 8. Qd2
Nc6 9. Bc4 Bd7 10. O-O-O Rc8 11. Bb3 Na5 12. Kb1 Nxb3 13. Nxb3 a5 14. h4 h5 15.
Nd4 a4 16. a3 Rb8 17. Na2 b5 18. Nb4 Rc8 19. Rdg1 Rc4 20. g4 Bxg4 21. fxg4 Nxg4
22. Ndc6 Qc7 23. Nd5 Qd7 24. Ncxe7+ Kh7 25. Nxg6 fxg6 26. Nb6 Qe6 27. Nxc4 Qxc4
28. Rxg4 hxg4 29. h5 Qe6 30. hxg6+ Kxg6 31. Bh6 Kf7 32. Bxg7 Kxg7 33. Qg5+ Qg6
34. Qe3 g3 35. Rg1 g2 36. Qe2 Rf1+ 37. Rxf1 gxf1=Q+ 38. Qxf1 Qxe4 39. Qxb5 Kf6
40. Qf1+ Ke5 41. Qb5+ d5 42. Qe8+ Kd4 43. Qxe4+ dxe4 44. Kc1 Ke3 45. Kd1 Kf2
46. c4 e3 47. c5 e2+ 48. Kc2 e1=Q 49. b3 axb3+ 50. Kxb3 Qe8 51. Kb4 Qc6 52. a4
Ke3 53. a5 Kd4 54. a6 Qxa6 55. c6 Qxc6 56. Kb3 Qc3+ 57. Ka2 Qb4 58. Ka1 Kd3 59.
Ka2 Kc2 60. Ka1 Qb2# 0-1

[Event "CAN-ch U10 Online"]
[Site "chess.com"]
[Date "2020.11.08"]
[Round "2.23"]
[White "Jaiman, Panshul Mishra"]
[Black "Wang, Patrick Yu"]
[Result "1-0"]
[WhiteElo "894"]
[BlackElo "599"]
[PlyCount "63"]
[EventDate "2020.11.08"]
[EventType "swiss (rapid)"]
[EventRounds "6"]
[EventCountry "CAN"]

1. e4 c6 2. Nf3 d5 3. exd5 cxd5 4. d4 Nc6 5. Bb5 Bd7 6. Bxc6 Bxc6 7. O-O Nf6 8.
Re1 e6 9. Bg5 Be7 10. Nc3 O-O 11. Ne5 Rc8 12. Nxc6 bxc6 13. Qe2 h6 14. Bxf6
Bxf6 15. Rad1 Qb6 16. Na4 Qa5 17. Nc5 Rcd8 18. Nb7 Qc7 19. Nxd8 Rxd8 20. Rd3
Qb6 21. c3 Qa6 22. b3 Qa3 23. Rg3 g5 24. h3 Bg7 25. Qg4 f5 26. Qe2 f4 27. Qxe6+
Kh7 28. Rg4 Qxa2 29. h4 Qxb3 30. hxg5 Qxc3 31. gxh6 Rd6 32. Rxg7+ 1-0

[Event "CAN-ch U10 Online"]
[Site "chess.com"]
[Date "2020.11.08"]
[Round "2.26"]
[White "Hou, Nathan"]
[Black "Liu, Henry (Haichen)"]
[Result "1-0"]
[WhiteElo "248"]
[BlackElo "826"]
[PlyCount "45"]
[EventDate "2020.11.08"]
[EventType "swiss (rapid)"]
[EventRounds "6"]
[EventCountry "CAN"]

1. e4 e5 2. Nf3 Nc6 3. Nc3 Nf6 4. Bc4 Nxe4 5. Nxe4 d5 6. Bxd5 Qxd5 7. Nc3 Qd8
8. d3 Bb4 9. Be3 O-O 10. h3 Nd4 11. O-O Nxf3+ 12. Qxf3 Re8 13. Ne4 f5 14. Nd2
e4 15. dxe4 Bxd2 16. exf5 Bxe3 17. Rfe1 Bb6 18. Rad1 Bd7 19. Qxb7 Rxe1+ 20.
Rxe1 Bxf5 21. Qf3 Qf6 22. Qxa8+ Qf8 23. Re8 1-0

[Event "CAN-ch U10 Online"]
[Site "chess.com"]
[Date "2020.11.08"]
[Round "3.5"]
[White "Jiang, William"]
[Black "Gao, Heye"]
[Result "1-0"]
[WhiteElo "1122"]
[BlackElo "1466"]
[PlyCount "97"]
[EventDate "2020.11.08"]
[EventType "swiss (rapid)"]
[EventRounds "6"]
[EventCountry "CAN"]

1. e4 e5 2. Nf3 Nc6 3. Bc4 Bc5 4. O-O d6 5. h3 Nf6 6. Re1 O-O 7. c3 Be6 8. Bb3
Bb6 9. d4 exd4 10. cxd4 Bxb3 11. axb3 Re8 12. Nc3 Ba5 13. Bg5 h6 14. Bh4 Bxc3
15. bxc3 g5 16. Bg3 Nxe4 17. Qc2 Nf6 18. h4 g4 19. Nd2 h5 20. f3 Qd7 21. fxg4
Qxg4 22. Kh2 Kh8 23. Rf1 Rg8 24. Qd3 Rg6 25. Rf4 Qd7 26. Raf1 Ng4+ 27. Kh1 Rg7
28. Ne4 Re8 29. Nf6 Nxf6 30. Rxf6 Qg4 31. Kh2 Kg8 32. R6f4 Qe6 33. Qf3 Re7 34.
Qxh5 Qxb3 35. Qf5 Qxc3 36. Qc8+ Kh7 37. R4f3 Qxd4 38. Rf5 Qg4 39. R1f3 Nd4 40.
Qxb7 Nxf5 41. Qb1 Re4 42. Qd3 Kh8 43. Qb3 Nxh4 44. Rxf7 Qh5 45. Rf8+ Kh7 46.
Kg1 Qc5+ 47. Kh2 Qb4 48. Qd1 Qc3 49. Qh5# 1-0

[Event "CAN-ch U10 Online"]
[Site "chess.com"]
[Date "2020.11.08"]
[Round "3.6"]
[White "Yao, Henry"]
[Black "Mok, Erwin Jun-Han"]
[Result "1/2-1/2"]
[WhiteElo "1705"]
[BlackElo "1118"]
[PlyCount "139"]
[EventDate "2020.11.08"]
[EventType "swiss (rapid)"]
[EventRounds "6"]
[EventCountry "CAN"]

1. e4 e6 2. d4 d5 3. exd5 exd5 4. Bd3 Nf6 5. Ne2 Bd6 6. Nbc3 c6 7. O-O O-O 8.
Bf4 Bxf4 9. Nxf4 Qb6 10. b3 Kh8 11. Nfe2 Be6 12. Na4 Qc7 13. Nc5 Re8 14. Qd2
Nbd7 15. Nxd7 Qxd7 16. Qg5 h6 17. Qd2 Bf5 18. Ng3 Ne4 19. Bxe4 Bxe4 20. f3 Bg6
21. Rae1 Qc7 22. c3 a5 23. Rxe8+ Rxe8 24. Re1 Re7 25. Rxe7 Qxe7 26. Qe2 Qa3 27.
Kf2 Kh7 28. f4 Bb1 29. f5 Qxa2 30. Qxa2 Bxa2 31. b4 a4 32. Ke3 a3 33. Kd2 b5
34. Kc1 g6 35. f6 g5 36. Nf5 Kg6 37. Ne7+ Kxf6 38. Nxc6 Bc4 39. Ne5 a2 40. Kb2
Ke6 41. Nxc4 dxc4 42. Kxa2 f5 43. Kb2 f4 44. Kc2 g4 45. Kd2 Kd5 46. Ke2 Ke4 47.
Kf2 h5 48. h4 Kf5 49. Ke2 Ke6 50. Ke1 Kd5 51. Kf1 Ke6 52. Ke1 Kf5 53. Ke2 Ke4
54. Kf2 Kf5 55. Kf1 g3 56. Ke1 Kg4 57. Ke2 Kxh4 58. Kf3 Kg5 59. d5 Kf5 60. d6
Ke6 61. d7 Kxd7 62. Kxf4 Ke6 63. Kxg3 Ke5 64. Kf3 Kf5 65. g3 Ke5 66. Ke3 Kf5
67. Kf3 Kg5 68. Ke3 Kg4 69. Kf2 Kf5 70. Kf3 1/2-1/2

[Event "CAN-ch U10 Online"]
[Site "chess.com"]
[Date "2020.11.08"]
[Round "3.7"]
[White "Chen, Vincent"]
[Black "Low, Ethan Jun"]
[Result "1-0"]
[WhiteElo "1336"]
[BlackElo "932"]
[PlyCount "49"]
[EventDate "2020.11.08"]
[EventType "swiss (rapid)"]
[EventRounds "6"]
[EventCountry "CAN"]

1. e4 c5 2. Nf3 Nc6 3. d4 cxd4 4. Nxd4 g6 5. Be3 Bg7 6. Nc3 d6 7. f3 Bd7 8. Qd2
Nf6 9. O-O-O a6 10. h4 h5 11. Bc4 b5 12. Bb3 b4 13. Nd5 Nxd5 14. exd5 Nxd4 15.
Bxd4 Bh6 16. Be3 Bxe3 17. Qxe3 Bf5 18. Rhe1 Qc7 19. Rd2 O-O-O 20. Qxe7 Rhe8 21.
Qxe8 Rxe8 22. Rxe8+ Kb7 23. Rde2 Bd7 24. R8e7 f6 25. Ba4 1-0

[Event "CAN-ch U10 Online"]
[Site "chess.com"]
[Date "2020.11.08"]
[Round "3.9"]
[White "Duanmu, Isaac"]
[Black "Gao, Justin"]
[Result "0-1"]
[WhiteElo "945"]
[BlackElo "1243"]
[PlyCount "40"]
[EventDate "2020.11.08"]
[EventType "swiss (rapid)"]
[EventRounds "6"]
[EventCountry "CAN"]

1. e4 e5 2. Nf3 Nc6 3. Bc4 Bc5 4. O-O Nf6 5. d3 O-O 6. Bg5 h6 7. Bh4 d6 8. Nc3
Be6 9. Bb3 Nd4 10. Re1 Bg4 11. Nd5 g5 12. Bg3 Nxd5 13. exd5 Qf6 14. Rf1 Nxf3+
15. gxf3 Bxf3 16. Qxf3 Qxf3 17. Rfe1 h5 18. h4 Qxg3+ 19. Kh1 Bxf2 20. Rf1 Qh3#
0-1

[Event "CAN-ch U10 Online"]
[Site "chess.com"]
[Date "2020.11.08"]
[Round "3.10"]
[White "Ajirh, Aarush"]
[Black "Jaiman, Panshul Mishra"]
[Result "0-1"]
[WhiteElo "1562"]
[BlackElo "894"]
[PlyCount "102"]
[EventDate "2020.11.08"]
[EventType "swiss (rapid)"]
[EventRounds "6"]
[EventCountry "CAN"]

1. d4 e6 2. Bf4 d5 3. e3 Bb4+ 4. c3 Ba5 5. Nf3 Ne7 6. Bd3 O-O 7. Kf1 Nf5 8. Ne5
f6 9. Nf3 Nc6 10. Nbd2 Re8 11. h4 e5 12. dxe5 fxe5 13. Bg5 Qd7 14. e4 dxe4 15.
Nxe4 h6 16. Bc1 b6 17. g4 Ba6 18. Ne1 Bxd3+ 19. Nxd3 Qd5 20. Qf3 Nfe7 21. Bxh6
Rf8 22. Qe3 Rad8 23. Bxg7 Kxg7 24. Qg5+ Kh8 25. Qh6+ Kg8 26. Qg5+ Kh7 27. Qh5+
Kg7 28. Qg5+ Ng6 29. h5 Qxd3+ 30. Kg1 Qxe4 31. hxg6 Qxg6 32. Qxg6+ Kxg6 33. b4
Nxb4 34. cxb4 Bxb4 35. Rc1 c5 36. Kg2 Rd2 37. Rcf1 c4 38. Kg3 Bd6 39. Rh5 e4+
40. Kg2 e3 41. Rfh1 Rdxf2+ 42. Kh3 R8f3+ 43. Kh4 Bg3+ 44. Kh3 Bd6+ 45. Kh4 Rh2+
46. Rxh2 Bxh2 47. Rg5+ Kf6 48. Rh5 e2 49. g5+ Kf5 50. g6+ Kxg6 51. Rg5+ Kf6 0-1

[Event "CAN-ch U10 Online"]
[Site "chess.com"]
[Date "2020.11.08"]
[Round "3.14"]
[White "Georgescu-Nicolau, Luca"]
[Black "Wang, Haoze (Dennis)"]
[Result "1-0"]
[WhiteElo "1437"]
[BlackElo "746"]
[PlyCount "91"]
[EventDate "2020.11.08"]
[EventType "swiss (rapid)"]
[EventRounds "6"]
[EventCountry "CAN"]

1. d4 d5 2. c4 e6 3. Nc3 Nf6 4. Nf3 Be7 5. cxd5 exd5 6. Bg5 O-O 7. e3 h6 8. Bh4
Ne4 9. Bxe7 Qxe7 10. Bd3 Nd7 11. Nxd5 Qe6 12. Nxc7 Qc6 13. Nxa8 b6 14. Qc2 Qxc2
15. Bxc2 Bb7 16. Bxe4 Bxa8 17. Bxa8 Rxa8 18. Rc1 Nf6 19. O-O Nd5 20. a3 Ne7 21.
Rc2 Nd5 22. Rfc1 Kh7 23. Rc8 Rxc8 24. Rxc8 a6 25. Ne5 f6 26. Nd7 Kg6 27. Rc6 h5
28. Rxb6 Nxb6 29. Nxb6 Kf5 30. d5 Ke5 31. e4 Kd6 32. a4 Kc7 33. a5 Kd6 34. b4
Kc7 35. f3 g6 36. Kf2 Kd6 37. Ke3 f5 38. exf5 gxf5 39. Kf4 h4 40. Kxf5 Kc7 41.
Ke6 Kb8 42. d6 h3 43. d7 hxg2 44. d8=Q+ Kb7 45. Qc8+ Ka7 46. Qa8# 1-0

[Event "CAN-ch U10 Online"]
[Site "chess.com"]
[Date "2020.11.08"]
[Round "3.19"]
[White "Ye, Oliver"]
[Black "Dunikov, David"]
[Result "0-1"]
[WhiteElo "715"]
[BlackElo "1223"]
[PlyCount "98"]
[EventDate "2020.11.08"]
[EventType "swiss (rapid)"]
[EventRounds "6"]
[EventCountry "CAN"]

1. e4 c5 2. d4 cxd4 3. Qxd4 d6 4. Bb5+ Bd7 5. a4 Qa5+ 6. Nc3 Bxb5 7. b4 Nc6 8.
bxa5 Nxd4 9. Kd2 Bd7 10. Nge2 Nxe2 11. Kxe2 Rc8 12. Nd5 Rxc2+ 13. Kf3 e6 14.
Ne3 Rc5 15. Rb1 Bc6 16. Bd2 Re5 17. Rb4 d5 18. exd5 Bxb4 19. Bxb4 Bxd5+ 20.
Nxd5 exd5 21. Rc1 Re4 22. Rb1 g5 23. Bc5 Nf6 24. Rxb7 g4+ 25. Kg3 Nd7 26. Bxa7
h5 27. h3 gxh3 28. Kxh3 Rxa4 29. Bb6 Ke7 30. Bc5+ Ke6 31. Bb6 Nxb6 32. axb6 Rb4
33. Kg3 Kd6 34. Rxf7 Rxb6 35. Rf6+ Kc5 36. Rf5 Rg8+ 37. Kf3 Rb3+ 38. Ke2 Rxg2
39. Kf1 Rh2 40. Kg1 Rbh3 41. Rg5 Rh1+ 42. Kg2 R3h2+ 43. Kf3 h4 44. Rh5 Kc4 45.
Kg4 d4 46. f4 d3 47. Rh8 d2 48. Rd8 d1=Q+ 49. Rxd1 Rxd1 0-1

[Event "CAN-ch U10 Online"]
[Site "chess.com"]
[Date "2020.11.08"]
[Round "3.20"]
[White "Guillemette, Thomas"]
[Black "Chen, Zhengyu"]
[Result "0-1"]
[WhiteElo "700"]
[BlackElo "1161"]
[PlyCount "70"]
[EventDate "2020.11.08"]
[EventType "swiss (rapid)"]
[EventRounds "6"]
[EventCountry "CAN"]

1. e4 d6 2. d4 Nf6 3. Nc3 g6 4. Nf3 Bg7 5. Bc4 O-O 6. O-O c6 7. Bf4 Bg4 8. h3
Bd7 9. Qd2 a5 10. Bh6 b5 11. Bd3 Qc8 12. Bxg7 Kxg7 13. a3 Na6 14. d5 b4 15.
axb4 axb4 16. Na4 Qb7 17. Bxa6 Rxa6 18. e5 Nxd5 19. exd6 exd6 20. Qd4+ f6 21.
Rfe1 c5 22. Qd2 Rxa4 23. Rxa4 Bxa4 24. Rd1 Bc6 25. Nh2 Rd8 26. Ng4 Ne7 27. Qh6+
Kh8 28. Nxf6 Nf5 29. Qxh7+ Qxh7 30. Nxh7 Kxh7 31. g4 Nd4 32. c3 Nf3+ 33. Kf1
Re8 34. Rxd6 Re1+ 35. Kg2 Rg1# 0-1